Motivacin̤ para el trabajo en equipo

Bibliographic Details
Format: eBook
Language:Spanish
Published: Bogot:̀ Ediciones de la U, 2015
Subjects:
Online Access:Acceso restringido

MARC

LEADER 00000nam a22000007a 4500
005 20210702112734.0
007 cr|||| ||||
008 210702s2015 co |||||s|||| 00||0 spa d
020 |a 978-958-762-443-4 
035 |a 33405 
040 |a vLex 
090 |c 11834  |d 11834 
245 0 0 |a Motivacin̤ para el trabajo en equipo  |h [Recurso electrn̤ico] / 
256 |a Servicio en ln̕ea 
260 |a Bogot:̀  |b Ediciones de la U,  |c 2015 
300 |a 1 recurso electrn̤ico 
500 |a El props̤ito de este manual es el de ser una gua̕ t︢il para el aprendizaje, siendo eminentemente prc̀tica y didc̀tica y trata los siguientes temas, la comunicacin̤ y su repercusin̤ en la conducta, trabajo en equipo. Los conflictos y la motivacin̤ en el trabajo. 
506 1 |a Disponible solo en los productos indicados  |d vLex Global  |d vLex Global (Academic Edition, excluding Law Schools)  |d vLex Global (U.S. Academic Edition, Law Schools)  |d vLex Global (U.S. Academic Edition, excluding Law Schools)  |d vLex Global (Academic Edition, Law Schools) 
650 0 5 |a Administracin̤ (Management)  |z Colombia 
740 0 |a vLex Libros (Servicio en ln̕ea) 
856 4 0 |u https://vlex.com/source/motivacion-para-el-trabajo-en-equipo-33405  |z Acceso restringido 
942 |c BOOK 
999 0 |a Management